[Event "BCF-chT4 0607 (4NCL)"]
[Site "Sunningdale"]
[Date "2007.02.10"]
[Round "5.5"]
[White "Lawrence, Roy"]
[Black "Thomas, Jac"]
[Result "0-1"]
[WhiteElo "1820"]
[BlackElo "1932"]
[PlyCount "56"]
[EventDate "2006.09.16"]
[EventType "team"]
[EventRounds "11"]
[EventCountry "ENG"]
[SourceTitle "EXT 2008"]
[Source "ChessBase"]
[SourceDate "2007.11.25"]
[SourceVersion "1"]
[SourceVersionDate "2007.11.25"]
[SourceQuality "1"]
[WhiteTeam "Sutton Coldfield"]
[BlackTeam "Monmouth"]
[WhiteTeamCountry "ENG"]
[BlackTeamCountry "ENG"]

1. d4 Nf6 2. Nf3 g6 3. c4 Bg7 4. Nc3 0-0 5. e4 d6 6. Be2 Nbd7 7. 0-0 c5 8. d5 a6 9. a4 Ng4 10. h3 Nge5 11. Nd2 Nf6 12. f4 Ned7 13. Nf3 Ne8 14. Qc2 Nc7 15. f5 Ne5 16. Ng5 Rb8 17. Bf4 Bd7 18. Bxe5 Bxe5 19. Qd3 b5 20. fxg6 hxg6 21. axb5 axb5 22. cxb5 Nxb5 23. Bg4 Nxc3 24. Bxd7 Rxb2 25. Ra7 Ne2+ 26. Kh1 Ng3+ 27. Kg1 c4 28. Qa3 Qb6+ 0-1

[Event "GBR-ch op"]
[Site "Swansea"]
[Date "2006.08.16"]
[Round "9.64"]
[White "Thomas, Jac"]
[Black "Guo, Xi Yang"]
[Result "1-0"]
[WhiteElo "1960"]
[BlackElo "1832"]
[PlyCount "69"]
[EventDate "2006.08.06"]
[EventType "swiss"]
[EventRounds "11"]
[EventCountry "WLS"]
[SourceTitle "CBM 113 Extra"]
[Source "ChessBase"]
[SourceDate "2006.09.14"]
[SourceVersion "1"]
[SourceVersionDate "2006.09.14"]
[SourceQuality "1"]

1. e4 g6 2. d4 Bg7 3. Be3 c5 4. c3 cxd4 5. Bxd4 e5 6. Be3 Nf6 7. Bc4 Qc7 8. Nd2 0-0 9. Bb3 Nc6 10. Ne2 Na5 11. 0-0 d6 12. h3 Qc6 13. Bc2 Nc4 14. Nxc4 Qxc4 15. Ng3 Qc6 16. Qd2 d5 17. exd5 Nxd5 18. Be4 Be6 19. c4 Qxc4 20. Rfc1 Nxe3 21. Rxc4 Nxc4 22. Qb4 a5 23. Qxb7 Rab8 24. Qa6 Rxb2 25. Bd3 Nb6 26. Qxa5 Rd8 27. Bb5 Rd5 28. a4 Nc8 29. Qa8 Rdd2 30. Ne4 Rdc2 31. Rd1 Bf8 32. Rd8 Kg7 33. Qb8 f6 34. Qb7+ Be7 35. Rxc8 1-0

[Event "GBR-ch op"]
[Site "Swansea"]
[Date "2006.08.15"]
[Round "8.56"]
[White "Wells, Daniel J"]
[Black "Thomas, Jac"]
[Result "1-0"]
[WhiteElo "1997"]
[BlackElo "1960"]
[PlyCount "55"]
[EventDate "2006.08.06"]
[EventType "swiss"]
[EventRounds "11"]
[EventCountry "WLS"]
[SourceTitle "CBM 113 Extra"]
[Source "ChessBase"]
[SourceDate "2006.09.14"]
[SourceVersion "1"]
[SourceVersionDate "2006.09.14"]
[SourceQuality "1"]

1. e4 d6 2. d4 Nf6 3. Nc3 g6 4. Be3 c6 5. Qd2 b5 6. f3 Bb7 7. g4 h6 8. Nge2 Nbd7 9. Ng3 Nb6 10. h4 Nc4 11. Bxc4 bxc4 12. 0-0-0 h5 13. g5 Nd7 14. f4 d5 15. f5 Qa5 16. fxg6 fxg6 17. Nge2 Rb8 18. Bf4 Ra8 19. Bg3 Bg7 20. exd5 cxd5 21. Nf4 Bxd4 22. Qxd4 e5 23. Rhe1 0-0 24. Rxe5 Nxe5 25. Qxe5 Rae8 26. Qd6 Re3 27. Qxg6+ Kh8 28. Nxh5 1-0

[Event "GBR-ch U14"]
[Site "Swansea"]
[Date "2006.08.13"]
[Round "2.2"]
[White "Dines, Sheila"]
[Black "Thomas, Jac"]
[Result "0-1"]
[WhiteElo "1926"]
[BlackElo "1960"]
[PlyCount "70"]
[EventDate "2006.08.13"]
[EventType "swiss"]
[EventRounds "7"]
[EventCountry "WLS"]
[SourceTitle "CBM 113 Extra"]
[Source "ChessBase"]
[SourceDate "2006.09.14"]
[SourceVersion "1"]
[SourceVersionDate "2006.09.14"]
[SourceQuality "1"]

1. e4 d6 2. d4 Nf6 3. Nc3 g6 4. Nf3 c6 5. a4 Nbd7 6. h3 e5 7. dxe5 dxe5 8. Bg5 Qa5 9. Bd3 Bg7 10. 0-0 h6 11. Be3 0-0 12. Nd2 Qd8 13. Nc4 Nh5 14. Be2 Nf4 15. Bf3 b6 16. Qd6 Ba6 17. Rfd1 Bxc4 18. Qxd7 Qf6 19. Qg4 h5 20. Qg3 h4 21. Qh2 Be6 22. Ne2 Nxh3+ 23. Kf1 g5 24. Rd6 Nf4 25. Rad1 Rad8 26. Bg4 Rxd6 27. Rxd6 Qe7 28. Bxf4 Qxd6 29. Nc3 exf4 30. Bxe6 Qxe6 31. f3 Qc4+ 32. Ke1 Bxc3+ 33. bxc3 Qxc3+ 34. Kd1 Rd8+ 35. Kc1 Qa1# 0-1

[Event "South Wales op 3rd"]
[Site "Caerleon"]
[Date "2006.07.11"]
[Round "5.23"]
[White "Hughes, Beryl"]
[Black "Thomas, Jac"]
[Result "0-1"]
[WhiteElo "1577"]
[BlackElo "1998"]
[PlyCount "90"]
[EventDate "2006.07.08"]
[EventType "swiss"]
[EventRounds "9"]
[EventCountry "WLS"]
[SourceTitle "CBM 113 Extra"]
[Source "ChessBase"]
[SourceDate "2006.09.14"]
[SourceVersion "1"]
[SourceVersionDate "2006.09.14"]
[SourceQuality "1"]

1. e4 d6 2. d4 Nf6 3. Nc3 g6 4. f4 Bg7 5. Nf3 c5 6. Be2 0-0 7. 0-0 Qb6 8. Na4 Qc6 9. Nc3 Nxe4 10. Nxe4 Qxe4 11. Bd3 Qc6 12. dxc5 Qxc5+ 13. Kh1 Nc6 14. Re1 Qb6 15. c3 e5 16. fxe5 dxe5 17. Qc2 f5 18. Ng5 Qc7 19. Bc4+ Kh8 20. Qf2 Bf6 21. Be3 b6 22. Rad1 f4 23. Bxf4 exf4 24. Ne4 Bf5 25. Nxf6 Rxf6 26. Bd5 Rc8 27. Bxc6 Qxc6 28. Qd4 f3 29. gxf3 Qxf3+ 30. Kg1 Qg4+ 31. Kh1 Qxd4 32. Rxd4 Re6 33. Rxe6 Bxe6 34. a3 Rc7 35. Kg2 Rd7 36. Rxd7 Bxd7 37. Kf3 Kg7 38. Ke4 Kf6 39. Kf4 h6 40. c4 g5+ 41. Kg3 h5 42. b4 h4+ 43. Kf2 Kf5 44. c5 bxc5 45. bxc5 Ke4 0-1

[Event "BCF-chT4 0506 (4NCL)"]
[Site "West Bromwich"]
[Date "2006.03.18"]
[Round "7.3"]
[White "Thomas, Jac"]
[Black "Valentine, Brian J"]
[Result "0-1"]
[WhiteElo "2020"]
[BlackElo "1990"]
[PlyCount "50"]
[EventDate "2005.11.05"]
[EventType "team"]
[EventRounds "11"]
[EventCountry "ENG"]
[SourceTitle "CBM 109 Extra"]
[Source "ChessBase"]
[SourceDate "2006.01.03"]
[SourceVersion "2"]
[SourceVersionDate "2006.01.03"]
[SourceQuality "1"]
[WhiteTeam "Monmouth"]
[BlackTeam "FCA Solutions II"]
[WhiteTeamCountry "ENG"]
[BlackTeamCountry "ENG"]

1. e4 Nc6 2. Bc4 Nf6 3. d3 d5 4. exd5 Nxd5 5. Nf3 e6 6. 0-0 Be7 7. Be3 Bf6 8. c3 0-0 9. Nbd2 Ne5 10. Nxe5 Bxe5 11. d4 Nxe3 12. fxe3 Bd6 13. Nf3 c5 14. e4 cxd4 15. cxd4 Bd7 16. e5 Be7 17. Bd3 Bc6 18. Kh1 Qb6 19. Bc2 Rad8 20. b3 Bxf3 21. Rxf3 Qxd4 22. Qf1 Qxe5 23. Re1 Qa5 24. Rh3 g6 25. Qf4 Qxe1+ 0-1

[Event "South Wales Winter op"]
[Site "Newport"]
[Date "2006.01.08"]
[Round "5.7"]
[White "Thomas, Jac"]
[Black "Dodington, Russell H"]
[Result "1-0"]
[WhiteElo "1933"]
[BlackElo "1722"]
[PlyCount "73"]
[EventDate "2006.01.06"]
[EventType "swiss"]
[EventRounds "5"]
[EventCountry "WLS"]
[SourceTitle "EXT 2007"]
[Source "ChessBase"]
[SourceDate "2006.11.23"]
[SourceVersion "1"]
[SourceVersionDate "2006.11.23"]
[SourceQuality "1"]

1. e4 e5 2. Bc4 Nf6 3. Nc3 Nc6 4. d3 Be7 5. Be3 d6 6. Nf3 Na5 7. Bb3 Nxb3 8. axb3 a6 9. Qd2 Bd7 10. 0-0-0 Bc6 11. h3 Qd7 12. Rhe1 0-0-0 13. Bg5 Rhe8 14. d4 exd4 15. Qxd4 h6 16. Bh4 Kb8 17. Nd5 Bxd5 18. exd5 g5 19. Bg3 Nh5 20. Bh2 Bf6 21. Qc4 Rxe1 22. Rxe1 Re8 23. g4 Rxe1+ 24. Nxe1 Qe7 25. Ng2 Ng7 26. c3 Be5 27. f4 gxf4 28. Nxf4 Qg5 29. Kc2 h5 30. gxh5 Nxh5 31. Nxh5 Bxh2 32. Qg4 Qxd5 33. Nf6 Qe6 34. Qxe6 fxe6 35. h4 Kc8 36. Ng4 d5 37. Nxh2 1-0

[Event "South Wales Winter op"]
[Site "Newport"]
[Date "2006.01.07"]
[Round "3.10"]
[White "Hunt, William"]
[Black "Thomas, Jac"]
[Result "0-1"]
[WhiteElo "1818"]
[BlackElo "1933"]
[PlyCount "98"]
[EventDate "2006.01.06"]
[EventType "swiss"]
[EventRounds "5"]
[EventCountry "WLS"]
[SourceTitle "EXT 2007"]
[Source "ChessBase"]
[SourceDate "2006.11.23"]
[SourceVersion "1"]
[SourceVersionDate "2006.11.23"]
[SourceQuality "1"]

1. e4 d6 2. d4 Nf6 3. Nc3 g6 4. Be3 c6 5. Qd2 Nbd7 6. Nf3 Qa5 7. Bd3 b5 8. 0-0 Bg7 9. e5 dxe5 10. dxe5 Ng4 11. e6 fxe6 12. Ng5 Ndf6 13. Rfe1 0-0 14. Bc5 b4 15. Nce4 Nxe4 16. Nxe4 Bxb2 17. Bxb4 Qc7 18. g3 Bxa1 19. Rxa1 Ne5 20. Be2 Ba6 21. Re1 Bxe2 22. Qxe2 Nf3+ 23. Kg2 Nxe1+ 24. Qxe1 c5 25. Bc3 Qc6 26. f3 Rf5 27. g4 Rf4 28. Be5 Rxe4 29. fxe4 Rf8 30. Qe3 Rf7 31. Qd3 c4 32. Qd8+ Rf8 33. Qd4 Qb6 34. Qd2 Qa6 35. c3 Qb5 36. Bd4 Qb1 37. Qe2 Qd3 38. Qxd3 cxd3 39. Be3 Rf7 40. c4 Kf8 41. c5 Ke8 42. a4 Kd7 43. g5 Kc6 44. h3 Rf8 45. h4 Rf7 46. Kg3 e5 47. Kg2 e6 48. Kg3 Rd7 49. Bd2 Kxc5 0-1

[Event "South Wales Winter op"]
[Site "Newport"]
[Date "2006.01.06"]
[Round "1.2"]
[White "Varley, Peter"]
[Black "Thomas, Jac"]
[Result "1-0"]
[WhiteElo "2172"]
[BlackElo "1933"]
[PlyCount "123"]
[EventDate "2006.01.06"]
[EventType "swiss"]
[EventRounds "5"]
[EventCountry "WLS"]
[SourceTitle "EXT 2007"]
[Source "ChessBase"]
[SourceDate "2006.11.23"]
[SourceVersion "1"]
[SourceVersionDate "2006.11.23"]
[SourceQuality "1"]

1. e4 d6 2. d4 Nf6 3. Nc3 g6 4. f4 Bg7 5. Nf3 c5 6. e5 dxe5 7. dxe5 Qxd1+ 8. Kxd1 Ng4 9. Nd5 Bf5 10. Nc7+ Kd7 11. Nxa8 Nf2+ 12. Ke1 Nxh1 13. Be3 Rc8 14. Bb5+ Nc6 15. Ke2 Rxa8 16. Rxh1 b6 17. c3 a6 18. Bc4 b5 19. Rd1+ Kc7 20. Bd5 c4 21. h3 e6 22. Bxc6 Bd3+ 23. Kf2 Kxc6 24. Ng5 h6 25. Nf3 Rb8 26. Bd4 Bf8 27. Ke3 h5 28. g4 Bc5 29. gxh5 gxh5 30. Rg1 Bg6 31. Bxc5 Kxc5 32. Nh4 Rg8 33. Rg5 b4 34. f5 exf5 35. Nxf5 bxc3 36. bxc3 Re8 37. Ng7 Rd8 38. e6+ Kd6 39. exf7 Bxf7 40. Nxh5 Bxh5 41. Rxh5 Kc6 42. h4 Rd3+ 43. Ke4 Rxc3 44. Kd4 Rc2 45. a4 c3 46. Rh6+ Kb7 47. Kd3 Ra2 48. Kxc3 Rxa4 49. h5 Rh4 50. Rh8 Kc7 51. h6 Kd7 52. h7 Kc7 53. Ra8 Rh3+ 54. Kd4 Rh4+ 55. Ke5 Rh5+ 56. Kf4 Rh4+ 57. Kg3 Rxh7 58. Ra7+ Kd6 59. Rxh7 Kc5 60. Kf3 Kb4 61. Ke3 a5 62. Kd2 1-0

[Event "BCF-ch U14"]
[Site "Douglas"]
[Date "2005.08.09"]
[Round "3.1"]
[White "Khandelwal, Ankush"]
[Black "Thomas, Jac"]
[Result "1/2-1/2"]
[WhiteElo "1964"]
[BlackElo "2014"]
[PlyCount "70"]
[EventDate "2005.08.01"]
[EventType "swiss"]
[EventRounds "7"]
[EventCountry "ENG"]
[SourceTitle "EXT 2006"]
[Source "ChessBase"]
[SourceDate "2005.11.24"]
[SourceVersion "1"]
[SourceVersionDate "2005.11.24"]
[SourceQuality "1"]

1. e4 d6 2. f4 e5 3. Nf3 Nf6 4. Nc3 Bg4 5. Bc4 Nc6 6. 0-0 Qd7 7. f5 0-0-0 8. h3 Bxf3 9. Rxf3 Nxe4 10. Bd5 Nf6 11. Bxc6 Qxc6 12. a4 d5 13. Nb5 Bc5+ 14. d4 Bxd4+ 15. Qxd4 exd4 16. Nxa7+ Kd7 17. Nxc6 Kxc6 18. Bg5 Rde8 19. Bxf6 gxf6 20. Kf2 Kd6 21. b4 Re4 22. Rd1 Rhe8 23. Rd2 Re3 24. Rxd4 Re2+ 25. Kg1 Rxc2 26. Rh4 Rc1+ 27. Kh2 Rd1 28. Rxh7 Re7 29. Rh8 d4 30. h4 d3 31. h5 Rd7 32. h6 d2 33. Rd3+ Ke7 34. Re3+ Kd6 35. Rd3+ Ke7 1/2-1/2

[Event "BCF-chT4b 0405 (4NCL)"]
[Site "Telford"]
[Date "2005.04.17"]
[Round "8.5"]
[White "Thomas, Jac"]
[Black "Murphy, Richard LW"]
[Result "1-0"]
[WhiteElo "1985"]
[BlackElo "1725"]
[PlyCount "47"]
[EventDate "2004.11.06"]
[EventType "team"]
[EventRounds "11"]
[EventCountry "ENG"]
[SourceTitle "EXT 2006"]
[Source "ChessBase"]
[SourceDate "2005.11.24"]
[SourceVersion "1"]
[SourceVersionDate "2005.11.24"]
[SourceQuality "1"]
[WhiteTeam "Monmouth"]
[BlackTeam "Braille Chess Association"]
[WhiteTeamCountry "ENG"]
[BlackTeamCountry "ENG"]

1. e4 e6 2. d4 d5 3. Be3 dxe4 4. Nd2 Nf6 5. f3 exf3 6. Ngxf3 Nbd7 7. Bd3 c5 8. c3 cxd4 9. cxd4 Nd5 10. Qe2 Nxe3 11. Qxe3 Be7 12. 0-0 Nf6 13. Ne4 Bd7 14. Ne5 h6 15. Qg3 Nxe4 16. Qxg7 Rf8 17. Bxe4 Qb6 18. Nxf7 Rxf7 19. Qxf7+ Kd8 20. Qg8+ Be8 21. Bg6 Qxd4+ 22. Kh1 Kc7 23. Bxe8 Qxb2 24. Rac1+ 1-0

[Event "BCF-chT4b 0405 (4NCL)"]
[Site "Telford"]
[Date "2005.04.16"]
[Round "7.5"]
[White "Adebajo, Olufemi"]
[Black "Thomas, Jac"]
[Result "1-0"]
[WhiteElo "2045"]
[BlackElo "1985"]
[PlyCount "81"]
[EventDate "2004.11.06"]
[EventType "team"]
[EventRounds "11"]
[EventCountry "ENG"]
[SourceTitle "EXT 2006"]
[Source "ChessBase"]
[SourceDate "2005.11.24"]
[SourceVersion "1"]
[SourceVersionDate "2005.11.24"]
[SourceQuality "1"]
[WhiteTeam "FCA Solutions II"]
[BlackTeam "Monmouth"]
[WhiteTeamCountry "ENG"]
[BlackTeamCountry "ENG"]

1. e4 e5 2. Nf3 Nc6 3. Bb5 Nd4 4. Nxd4 exd4 5. 0-0 c6 6. Bc4 d5 7. exd5 cxd5 8. Qe2+ Be7 9. Bb3 Nf6 10. Re1 Be6 11. d3 a5 12. a4 0-0 13. Bg5 Qc7 14. Bxf6 Bxf6 15. Na3 Bd7 16. Qf3 Bc6 17. Bxd5 Bxa4 18. b3 Bc6 19. Bxc6 bxc6 20. Nc4 Rfe8 21. g3 h6 22. Rxe8+ Rxe8 23. Rxa5 Re6 24. Kg2 c5 25. Qa8+ Kh7 26. Ra7 Qd8 27. Qxd8 Bxd8 28. Rxf7 Re2 29. Na3 Ba5 30. Kf3 Re1 31. Nc4 Bb4 32. h4 Rc1 33. h5 Rxc2 34. Ne5 Kg8 35. Re7 g5 36. hxg6 Rc3 37. Ng4 Rxd3+ 38. Ke4 c4 39. Nxh6+ Kf8 40. Rf7+ Ke8 41. g7 1-0

[Event "WLS-ch"]
[Site "Cardiff"]
[Date "2005.03.26"]
[Round "2"]
[White "Cunliffe, Steve D"]
[Black "Thomas, Jac"]
[Result "1-0"]
[WhiteElo "2036"]
[BlackElo "1975"]
[PlyCount "79"]
[EventDate "2005.03.25"]
[EventType "swiss"]
[EventRounds "7"]
[EventCountry "WLS"]
[SourceTitle "EXT 2006"]
[Source "ChessBase"]
[SourceDate "2005.11.24"]
[SourceVersion "1"]
[SourceVersionDate "2005.11.24"]
[SourceQuality "1"]

1. e4 d6 2. d4 Nf6 3. Nc3 g6 4. Bf4 Bg7 5. Qd2 c6 6. Nf3 Qa5 7. h3 b5 8. Bd3 Nbd7 9. 0-0 0-0 10. Bh6 b4 11. Ne2 Qh5 12. Bxg7 Kxg7 13. Qxb4 c5 14. dxc5 Nxc5 15. Ng3 Qh6 16. Qd4 Ne6 17. Qe3 Nf4 18. Ne2 Nxe2+ 19. Qxe2 Rg8 20. Qd2 Qh5 21. Qg5 Qxg5 22. Nxg5 Rb8 23. b3 Bb7 24. Rae1 Nd7 25. f4 Nc5 26. e5 h6 27. Ne4 Nxe4 28. Bxe4 Bxe4 29. Rxe4 d5 30. Rd4 e6 31. c4 Rgd8 32. Rfd1 Rb4 33. cxd5 Rxd4 34. Rxd4 exd5 35. Kf2 Kf8 36. Ke3 Ke7 37. Ra4 Rd7 38. Kd4 Kd8 39. Ra5 Kc7 40. Rxa7+ 1-0

[Event "WLS-ch"]
[Site "Cardiff"]
[Date "2005.03.26"]
[Round "3"]
[White "Thomas, Jac"]
[Black "Guy, David T"]
[Result "0-1"]
[WhiteElo "1975"]
[BlackElo "2000"]
[PlyCount "76"]
[EventDate "2005.03.25"]
[EventType "swiss"]
[EventRounds "7"]
[EventCountry "WLS"]
[SourceTitle "EXT 2006"]
[Source "ChessBase"]
[SourceDate "2005.11.24"]
[SourceVersion "1"]
[SourceVersionDate "2005.11.24"]
[SourceQuality "1"]

1. e4 c5 2. d4 cxd4 3. c3 dxc3 4. Nxc3 e6 5. Bc4 a6 6. Nf3 Nc6 7. 0-0 Qc7 8. Qe2 Nge7 9. Bg5 Ng6 10. h4 h6 11. Be3 Be7 12. h5 Nf4 13. Bxf4 Qxf4 14. Nd2 0-0 15. g3 Qc7 16. f4 b5 17. Bd3 Bc5+ 18. Kh2 Nd4 19. Qg4 f5 20. Qh4 Bb7 21. g4 fxe4 22. Ncxe4 Bb6 23. g5 Nf5 24. Nf6+ gxf6 25. Bxf5 fxg5 26. Rg1 Bxg1+ 27. Rxg1 Rxf5 28. Kh3 Rxf4 29. Rxg5+ hxg5 30. Qxg5+ Kf8 31. h6 Rf7 32. Qg6 Qf4 33. h7 Rxh7+ 34. Qxh7 Qf5+ 35. Qxf5+ exf5 36. Kg3 Kf7 37. Kf4 Kf6 38. Nb3 Rc8 0-1